000 00542nam a2200169 i 4500
001 bg
100 1 _aDANICKI, Eugeniusz
245 0 _aProstokątne odbicie AFP [akustycznej fali powierzchniowej] od periodycznych rowków /
_cE. Danicki.
260 _aWarszawa,
_c1985.
490 1 _aPrace Instytutu Podstawowych Problemów Techniki PAN ;
_v39
830 _aPrace Instytutu Podstawowych Problemów Techniki PAN ;
040 _cBPK
041 _apol
080 _a537.2:548:534
942 _cKS
008 s pl f |000 0 pol
999 _c28322
_d28322
856 _uhttp://koha.tu.koszalin.pl/cgi-bin/koha/opac-detail.pl?biblionumber=28322
_yKatalog online BPK